[Event "XXIII Weekend C"]
[Site "Ceriano Laghetto ITA"]
[Date "2014.03.15"]
[Round "2"]
[White "Puppi, Simone"]
[Black "Lamera, Giuseppe"]
[WhiteElo "1538"]
[BlackElo "1485"]
[Result "1-0"]
[PlyCount "47"]
[EventDate "2014.03.14"]

1. Nf3 d6 2. d4 g6 3. e4 c6 4. Bc4 Bg7 5. O-O Nf6 6. e5 dxe5 7. Nxe5 Nd5 8. Bb3
e6 9. c4 Nf6 10. Nc3 O-O 11. Bg5 h6 12. Be3 Nbd7 13. Nxd7 Qxd7 14. Qf3 Rd8 15.
Rad1 Qe7 16. d5 exd5 17. cxd5 Bg4 18. Qg3 Bxd1 19. Rxd1 Nh5 20. d6 Qd7 21. Qxg6
Kh8 22. Qxh5 Re8 23. Bxh6 Qxd6 24. Bf4+ 1-0

[Event "XXIII Weekend C"]
[Site "Ceriano Laghetto ITA"]
[Date "2014.03.15"]
[Round "2"]
[White "Repossi, Luca"]
[Black "Frignani, Alessandro"]
[WhiteElo "1573"]
[BlackElo "1410"]
[Result "1-0"]
[PlyCount "105"]
[EventDate "2014.03.14"]

1. d4 d5 2. c4 c6 3. Nc3 e6 4. e3 b6 5. cxd5 exd5 6. e4 Nf6 7. e5 Ng4 8. Qf3
Nh6 9. Bxh6 gxh6 10. Nge2 Qg5 11. h3 Be6 12. Ng3 Be7 13. Be2 Rg8 14. O-O Nd7
15. Bd3 Nf8 16. Ba6 Ng6 17. Bb7 Rb8 18. Bxc6+ Kf8 19. Rad1 Nh4 20. Qd3 Bf5 21.
Qb5 Bc2 22. Rde1 Qg6 23. Bxd5 Bd3 24. Qb3 Bxf1 25. Rxf1 Nf5 26. Be4 Qg5 27.
Bxf5 h5 28. Bxh7 Rg7 29. Nce4 Qf4 30. Nxh5 Qh6 31. Nxg7 Qxh7 32. Nf6 Bxf6 33.
exf6 Qg6 34. Qb4+ Kg8 35. Qd6 Ra8 36. Re1 Kh7 37. b4 Rg8 38. Qf4 Rc8 39. Qh4+
Kg8 40. Re8+ Rxe8 41. Nxe8 Qb1+ 42. Kh2 Qd3 43. Qg3+ Qxg3+ 44. fxg3 Kf8 45. Nd6
Kg8 46. g4 Kh7 47. g5 Kg6 48. h4 Kh5 49. g3 Kg4 50. Kg2 a6 51. d5 b5 52. Nxf7
Kf5 53. h5 1-0

[Event "XXIII Weekend C"]
[Site "Ceriano Laghetto ITA"]
[Date "2014.03.15"]
[Round "2"]
[White "Rosini, Luca Ungaro"]
[Black "Ruggiero, Paolino"]
[WhiteElo "1579"]
[BlackElo "1493"]
[Result "1-0"]
[PlyCount "121"]
[EventDate "2014.03.14"]

1. e4 e6 2. d4 d6 3. c4 g6 4. Nc3 Bg7 5. f4 Nc6 6. Be3 Qh4+ 7. g3 Qd8 8. Nge2
Nge7 9. Bg2 O-O 10. O-O a6 11. d5 Na7 12. Bd4 Bxd4+ 13. Qxd4 exd5 14. exd5 Nf5
15. Qd2 b5 16. b3 Bd7 17. Nd4 Qf6 18. Nxf5 Bxf5 19. Rae1 Rae8 20. Be4 b4 21.
Nd1 Rxe4 22. Rxe4 Bxe4 23. Qxb4 Qd4+ 24. Nf2 Bf5 25. Qb7 Qb6 26. Qxb6 cxb6 27.
Re1 Nc8 28. g4 Bd7 29. g5 Kg7 30. Kg2 f6 31. h4 fxg5 32. fxg5 Rf5 33. Ng4 Rf7
34. Nf6 h6 35. Kf3 hxg5 36. hxg5 Ne7 37. Rh1 Nf5 38. Rh7+ Kf8 39. Nxd7+ Ke7 40.
Rxf7+ Kxf7 41. Nxb6 Ke7 42. Na4 Kd7 43. Nc3 Kc7 44. Ne2 Kb6 45. Nf4 Ne7 46. Ke3
Kc5 47. Kd3 Kb4 48. Kc2 Kc5 49. Kc3 a5 50. a3 Kb6 51. b4 axb4+ 52. axb4 Ka6 53.
c5 dxc5 54. bxc5 Kb5 55. d6 Nc6 56. Ne6 Ne5 57. Kd4 Nc6+ 58. Kd5 Nb4+ 59. Ke4
Kc6 60. Nd4+ Kxc5 61. d7 1-0

[Event "XXIII Weekend C"]
[Site "Ceriano Laghetto ITA"]
[Date "2014.03.15"]
[Round "3"]
[White "Bonamino, Pier Alessandro"]
[Black "Kiszka, Jean Marc"]
[WhiteElo "1526"]
[BlackElo "1363"]
[Result "0-1"]
[PlyCount "38"]
[EventDate "2014.03.14"]

1. d4 Nf6 2. c4 g6 3. Nc3 d5 4. e3 Bg7 5. Nf3 O-O 6. Bd2 Bg4 7. cxd5 Nxd5 8.
Be2 Nxc3 9. Bxc3 Nd7 10. O-O Nf6 11. h3 Bxf3 12. Bxf3 Nd5 13. Qc2 Nxc3 14. bxc3
c6 15. Rac1 e6 16. Rfd1 Qc7 17. c4 Rac8 18. e4 Rfd8 19. Qb3 Bxd4 0-1

[Event "XXIII Weekend C"]
[Site "Ceriano Laghetto ITA"]
[Date "2014.03.15"]
[Round "3"]
[White "Cazzola, Franco"]
[Black "Palermiti, Francesco"]
[WhiteElo "1595"]
[BlackElo "1443"]
[Result "1-0"]
[PlyCount "53"]
[EventDate "2014.03.14"]

1. d4 d5 2. Nf3 Nf6 3. e3 e6 4. c4 Be7 5. Bd3 a6 6. O-O dxc4 7. Bxc4 b5 8. Bb3
Bb7 9. Qe2 O-O 10. Nbd2 Nbd7 11. a3 c5 12. dxc5 Nxc5 13. Rd1 Qb6 14. Ba2 Rac8
15. Nb3 Rfd8 16. Bd2 Nxb3 17. Bxb3 Ne4 18. Rac1 Nc5 19. Ba2 a5 20. b4 axb4 21.
Bxb4 Rxd1+ 22. Qxd1 Bf8 23. Ne5 Rd8 24. Qe2 Na6 25. Bxf8 Kxf8 26. Qh5 g6 27.
Qxh7 1-0

[Event "XXIII Weekend C"]
[Site "Ceriano Laghetto ITA"]
[Date "2014.03.15"]
[Round "3"]
[White "Ciochetta, Giovanni"]
[Black "Repossi, Luca"]
[WhiteElo "1573"]
[BlackElo "1573"]
[Result "0-1"]
[PlyCount "102"]
[EventDate "2014.03.14"]

1. e4 c5 2. c4 d6 3. Nc3 Nf6 4. d3 h6 5. h3 Nc6 6. Be3 e6 7. Be2 Be7 8. f4 Nh7
9. Nf3 Bh4+ 10. Kd2 Bf6 11. Qc1 Bd4 12. Bxd4 cxd4 13. Nb5 a6 14. Na3 Qa5+ 15.
Kd1 Bd7 16. Nc2 b5 17. cxb5 axb5 18. Nfxd4 Nxd4 19. Nxd4 Qa4+ 20. Nc2 b4 21. b3
Qa5 22. Qd2 O-O 23. Qxb4 Qc7 24. Kd2 d5 25. e5 f6 26. Qd6 Qb7 27. Bf3 Ra6 28.
Qb4 Rb6 29. Qd4 fxe5 30. Qxe5 Qa6 31. g3 Rf5 32. Qe3 Qa5+ 33. b4 Qa6 34. a3 g5
35. Rhg1 e5 36. Bxd5+ Be6 37. Bxe6+ Rxe6 38. Qe4 Rf7 39. f5 Rd6 40. g4 Nf6 41.
Qf3 e4 42. Qf1 Rxd3+ 43. Kc1 Qc6 44. Qg2 Qc3 45. Rb1 e3 46. Rd1 Rxd1+ 47. Kxd1
Rd7+ 48. Kc1 Rd2 49. Qa8+ Kf7 50. Qa7+ Nd7 51. Qa4 Rd1+ 0-1

[Event "XXIII Weekend C"]
[Site "Ceriano Laghetto ITA"]
[Date "2014.03.15"]
[Round "3"]
[White "De Regibus, Giuseppe"]
[Black "Puppi, Simone"]
[WhiteElo "1509"]
[BlackElo "1538"]
[Result "1-0"]
[PlyCount "95"]
[EventDate "2014.03.14"]

1. d4 Nf6 2. Bg5 e6 3. e4 Be7 4. Bxf6 Bxf6 5. c3 d6 6. Bd3 O-O 7. Ne2 e5 8. O-O
Bg4 9. f3 Bd7 10. Nd2 Nc6 11. d5 Ne7 12. Qb3 Rb8 13. Qc2 Ng6 14. f4 Bg4 15. f5
Bxe2 16. Bxe2 Nf4 17. Bg4 h5 18. Bf3 g6 19. Nc4 Kh7 20. Ne3 Bg5 21. Rae1 Bh6
22. Kh1 Rg8 23. g3 Nh3 24. Bg2 Nf4 25. gxf4 exf4 26. fxg6+ fxg6 27. Nd1 Qf6 28.
Bf3 Rg7 29. Re2 Rbg8 30. Rfe1 Qe5 31. Rg2 h4 32. Nf2 g5 33. Ng4 Qe8 34. Nf6+
Kh8 35. Nxe8 Rxe8 36. Bh5 Re5 37. Bg4 c6 38. c4 Rge7 39. h3 Kg7 40. Be6 Rc7 41.
Qf2 Kf6 42. Qxa7 cxd5 43. cxd5 g4 44. Rxg4 Bg5 45. Qb6 Re7 46. Qxd6 f3 47. Rf1
R7xe6 48. Rxf3+ 1-0

[Event "XXIII Weekend C"]
[Site "Ceriano Laghetto ITA"]
[Date "2014.03.15"]
[Round "3"]
[White "Franchetti Pardo, Niccolo'"]
[Black "Zerboni, Giuseppe"]
[WhiteElo "1478"]
[BlackElo "1596"]
[Result "1-0"]
[PlyCount "131"]
[EventDate "2014.03.14"]

1. d4 Nf6 2. Nd2 g6 3. Ngf3 Bg7 4. e4 d6 5. Bd3 O-O 6. O-O Re8 7. c3 Bd7 8. b4
a5 9. b5 c5 10. a4 cxd4 11. cxd4 Qc7 12. Ra2 Rc8 13. Rc2 Qd8 14. Re1 b6 15. Nf1
Bg4 16. h3 Bxf3 17. Qxf3 Ra7 18. Be3 Rac7 19. Rec1 Nbd7 20. Rxc7 Rxc7 21. Qd1
Qc8 22. Rxc7 Qxc7 23. Qc2 Qxc2 24. Bxc2 e5 25. d5 Bf8 26. Nd2 Nc5 27. f3 h5 28.
Nc4 Nfd7 29. f4 f6 30. fxe5 fxe5 31. Bg5 Nb7 32. Kf2 Kf7 33. Kf3 Be7 34. Bxe7
Kxe7 35. g4 h4 36. g5 Nd8 37. Kg4 Nf7 38. Kxh4 Kf8 39. Bd1 Kg7 40. Kg4 Nc5 41.
Bc2 Nd7 42. h4 Kf8 43. Kf3 Ke7 44. Ke3 Kd8 45. Bd1 Kc7 46. Bg4 Nc5 47. Nb2 Kd8
48. Be6 Nxe6 49. dxe6 Nh8 50. Nc4 Ke7 51. Nxb6 Kxe6 52. Nc4 Kd7 53. Nxa5 Kc7
54. Kd3 Nf7 55. Kc4 Kb6 56. Nc6 Kb7 57. a5 Ka8 58. Kd5 Kb7 59. Ke6 Kc7 60. Kxf7
d5 61. exd5 e4 62. Nd4 Kd6 63. b6 Kxd5 64. Ne2 Kc6 65. Kxg6 e3 66. Kf6 1-0

[Event "XXIII Weekend C"]
[Site "Ceriano Laghetto ITA"]
[Date "2014.03.15"]
[Round "3"]
[White "Madaschi, Sergio"]
[Black "Rosini, Luca Ungaro"]
[WhiteElo "1551"]
[BlackElo "1579"]
[Result "0-1"]
[PlyCount "100"]
[EventDate "2014.03.14"]

1. e4 d5 2. exd5 Qxd5 3. Nc3 Qa5 4. d4 c6 5. Bc4 Nf6 6. Bd2 Qc7 7. Nf3 Bg4 8.
h3 Bh5 9. g4 Bg6 10. Ne5 e6 11. Nxg6 hxg6 12. Qf3 Nbd7 13. O-O-O O-O-O 14. Bf4
Bd6 15. Bxd6 Qxd6 16. Bb3 Qc7 17. g5 Nd5 18. Nxd5 exd5 19. Qxf7 Rhf8 20. Qxg6
Rxf2 21. Kb1 Nf8 22. Qd3 Qf4 23. g6 Rf3 24. Rdf1 Rxd3 25. Rxf4 Rg3 26. Rg4 Rxg4
27. hxg4 Nxg6 28. c3 Rh8 29. Rxh8+ Nxh8 30. Bc2 Nf7 31. Bf5+ Kc7 32. Kc2 Kd6
33. Kd3 Ke7 34. Ke3 Kf6 35. Kf4 Nd6 36. g5+ Ke7 37. Bc2 a5 38. Bd3 Ke6 39. b3
b6 40. a4 c5 41. dxc5 bxc5 42. Bc2 d4 43. cxd4 cxd4 44. Bd3 Kd5 45. Bc2 Ke6 46.
Bd3 Kd5 47. Bc2 Nf7 48. Be4+ Kd6 49. Bd3 Ne5 50. Ke4 Nc6 {...} 0-1

[Event "XXIII Weekend C"]
[Site "Ceriano Laghetto ITA"]
[Date "2014.03.15"]
[Round "3"]
[White "Ruggiero, Paolino"]
[Black "Aldeghi, Damiano"]
[WhiteElo "1493"]
[BlackElo "1481"]
[Result "0-1"]
[PlyCount "102"]
[EventDate "2014.03.14"]

1. e4 e5 2. f4 exf4 3. Bc4 Qh4+ 4. Kf1 d6 5. Nf3 Bg4 6. d4 Qh5 7. Bxf4 Bxf3 8.
Qxf3 Qxf3+ 9. gxf3 Nd7 10. Nc3 O-O-O 11. Bxf7 h6 12. Ke2 g5 13. Be3 Bg7 14. a4
a6 15. b4 Ne7 16. a5 Nc6 17. Rab1 Nxd4+ 18. Bxd4 Bxd4 19. Nd5 Rhf8 20. Bh5 Nf6
21. Nxf6 Rxf6 22. b5 axb5 23. Rxb5 c6 24. Rb3 d5 25. Rhb1 b5 26. axb6 Kb7 27.
Kd3 dxe4+ 28. Kxe4 Rfd6 29. Ra3 Bxb6 30. Rab3 c5 31. Rb5 Kc7 32. h3 Rd4+ 33.
Kf5 R8d6 34. c3 Rf4+ 35. Ke5 Rh4 36. Bg4 Rg6 37. Rd1 Kc6 38. Bd7+ Kc7 39. Bg4
Kc6 40. Rb3 Bc7+ 41. Kf5 Rd6 42. Ra1 Rd5+ 43. Ke6 Rd6+ 44. Kf5 Rd5+ 45. Ke4 c4
46. Rb4 Kc5 47. Ke3 Rd3+ 48. Ke2 Rxc3 49. Rb7 Be5 50. Ra5+ Kc6 51. Bd7+ Kxb7
0-1

[Event "XXIII Weekend C"]
[Site "Ceriano Laghetto ITA"]
[Date "2014.03.16"]
[Round "4"]
[White "Aldeghi, Damiano"]
[Black "Madaschi, Sergio"]
[WhiteElo "1481"]
[BlackElo "1551"]
[Result "0-1"]
[PlyCount "26"]
[EventDate "2014.03.14"]

1. e4 c5 2. Nf3 d6 3. Nc3 Nf6 4. h3 g6 5. e5 dxe5 6. Nxe5 Bg7 7. Bb5+ Nbd7 8.
Qf3 O-O 9. Nxd7 Nxd7 10. Qd5 Qc7 11. Bxd7 Bxd7 12. O-O e6 13. Re1 exd5 0-1

[Event "XXIII Weekend C"]
[Site "Ceriano Laghetto ITA"]
[Date "2014.03.16"]
[Round "4"]
[White "Frignani, Alessandro"]
[Black "Bonamino, Pier Alessandro"]
[WhiteElo "1410"]
[BlackElo "1526"]
[Result "1-0"]
[PlyCount "79"]
[EventDate "2014.03.14"]

1. e4 c5 2. f4 d6 3. Bc4 e6 4. Nf3 a6 5. c3 b5 6. Bb3 c4 7. Bc2 Nc6 8. d4 cxd3
9. Bxd3 Be7 10. Be3 Nf6 11. h3 Qc7 12. Nbd2 Bb7 13. Qc2 h6 14. g3 Rd8 15. Rg1
d5 16. e5 Nd7 17. Nd4 Nc5 18. N2f3 Nxd3+ 19. Qxd3 Rc8 20. Rc1 Qd7 21. b4 Bd8
22. a3 Bb6 23. Nxc6 Bxe3 24. Qxe3 Rxc6 25. Nd4 Rc4 26. g4 Qd8 27. Qg3 Kd7 28.
Nb3 Re4+ 29. Kd2 Kc8 30. Rge1 Rxe1 31. Kxe1 Kb8 32. Qf2 g6 33. Kf1 f5 34. Nc5
Qe7 35. Ke2 Rf8 36. Rg1 fxg4 37. Rxg4 g5 38. Ke3 gxf4+ 39. Rxf4 Qg5 40. Nd7+
1-0

[Event "XXIII Weekend C"]
[Site "Ceriano Laghetto ITA"]
[Date "2014.03.16"]
[Round "4"]
[White "Kiszka, Jean Marc"]
[Black "Ciochetta, Giovanni"]
[WhiteElo "1363"]
[BlackElo "1573"]
[Result "1-0"]
[PlyCount "103"]
[EventDate "2014.03.14"]

1. c4 Nf6 2. Nc3 e6 3. Nf3 Nc6 4. g3 d5 5. cxd5 Nxd5 6. Bg2 Bb4 7. a3 Bxc3 8.
dxc3 O-O 9. O-O b6 10. c4 Nde7 11. Bf4 Qxd1 12. Rfxd1 Ba6 13. Ne5 Nxe5 14. Bxa8
Nxc4 15. Bg2 Nxb2 16. Rd7 Nd5 17. Bxd5 exd5 18. Rxd5 c5 19. Rd7 Ra8 20. Be5 Nc4
21. Bc3 Bb5 22. Rdd1 f6 23. a4 Be8 24. e3 a6 25. Rdc1 Nd6 26. Rab1 b5 27. axb5
axb5 28. Ra1 Rb8 29. Ba5 c4 30. Bc7 Rc8 31. Bxd6 c3 32. Bb4 c2 33. Ra2 Bg6 34.
Kf1 Kf7 35. Ke1 Ke6 36. Rb2 Kd5 37. Kd2 Rc4 38. Bf8 Ke4 39. Rxb5 Kf3 40. Ke1
Rc7 41. h4 Bd3 42. Rb2 g6 43. Bd6 Rc6 44. Bf4 h5 45. Kd2 Be4 46. Rbxc2 Bxc2 47.
Rxc2 Ra6 48. Kd3 f5 49. Kd4 Ra4+ 50. Ke5 Ra5+ 51. Kf6 Ra6+ 52. Kg5 1-0

[Event "XXIII Weekend C"]
[Site "Ceriano Laghetto ITA"]
[Date "2014.03.16"]
[Round "4"]
[White "Palermiti, Francesco"]
[Black "Ruggiero, Paolino"]
[WhiteElo "1443"]
[BlackElo "1493"]
[Result "0-1"]
[PlyCount "38"]
[EventDate "2014.03.14"]

1. d4 f5 2. e3 Nf6 3. Nd2 e6 4. b3 Be7 5. Bd3 O-O 6. Ne2 b6 7. Nf4 Bb7 8. Qe2
Qe8 9. e4 fxe4 10. Nxe4 Bb4+ 11. Bd2 Nxe4 12. Bxe4 Bxd2+ 13. Kxd2 Nc6 14. Qe3
Qf7 15. Nd3 Qf6 16. c3 Rad8 17. h4 d5 18. Bf3 Ba6 19. g4 Qxf3 0-1

[Event "XXIII Weekend C"]
[Site "Ceriano Laghetto ITA"]
[Date "2014.03.16"]
[Round "4"]
[White "Repossi, Luca"]
[Black "Cazzola, Franco"]
[WhiteElo "1573"]
[BlackElo "1595"]
[Result "0-1"]
[PlyCount "72"]
[EventDate "2014.03.14"]

1. d4 f5 2. e4 fxe4 3. c4 Nf6 4. Bg5 e6 5. Nc3 Be7 6. Bxf6 Bxf6 7. Nxe4 O-O 8.
Nf3 b6 9. Bd3 Bb7 10. O-O Nc6 11. d5 exd5 12. cxd5 Ne5 13. Nxf6+ Qxf6 14. Nxe5
Qxe5 15. Qc2 h6 16. Rae1 Qd6 17. f4 Rxf4 18. Rxf4 Qxf4 19. Re7 Qd6 20. Bc4 Rf8
21. Qc3 Qc5+ 22. Kh1 Rf1+ 23. Bxf1 Qxe7 24. Qxc7 Ba6 25. Qb8+ Kh7 26. Qf4 Qe1
27. Qf5+ Kg8 28. Kg1 Bxf1 29. Qxf1 Qxf1+ 30. Kxf1 Kf7 31. Ke2 Kf6 32. Kf3 Ke5
33. g4 g5 34. Kg2 Kxd5 35. h4 Ke4 36. h5 Ke3 0-1

[Event "XXIII Weekend C"]
[Site "Ceriano Laghetto ITA"]
[Date "2014.03.16"]
[Round "4"]
[White "Rosini, Luca Ungaro"]
[Black "De Regibus, Giuseppe"]
[WhiteElo "1579"]
[BlackElo "1509"]
[Result "1-0"]
[PlyCount "145"]
[EventDate "2014.03.14"]

1. d4 d5 2. c4 c6 3. Nc3 Nf6 4. Nf3 Nbd7 5. Bg5 a6 6. e3 dxc4 7. Bxc4 e6 8. O-O
b5 9. Bb3 Bb7 10. Ne4 Be7 11. Bxf6 Nxf6 12. Nc5 Bxc5 13. dxc5 O-O 14. Bc2 Qe7
15. b4 Rad8 16. Qe2 Rd7 17. Rfd1 Rfd8 18. Rxd7 Rxd7 19. Rd1 Nd5 20. Qe1 f6 21.
e4 Nf4 22. Rxd7 Qxd7 23. Qd2 Qxd2 24. Nxd2 Ne2+ 25. Kf1 Nd4 26. Bd1 e5 27. Nb3
Nxb3 28. Bxb3+ Kf8 29. Ke2 Bc8 30. Ke3 Ke7 31. h4 h6 32. g3 f5 33. exf5 Bxf5
34. a4 Kf6 35. axb5 axb5 36. Bd1 g5 37. hxg5+ hxg5 38. f4 exf4+ 39. gxf4 g4 40.
Kf2 Kg6 41. Kg3 Kh5 42. Bb3 Kg6 43. Kh4 Bd7 44. Bd1 g3 45. Kxg3 Bf5 46. Bf3 Bd7
47. Kf2 Kf5 48. Ke3 Be8 49. Be4+ Kf6 50. Kf3 Bd7 51. Kg3 Be8 52. Bf3 Kf5 53.
Bg2 Kf6 54. Kf3 Bd7 55. Kg3 Be8 56. Bh3 Bg6 57. Kf3 Bh5+ 58. Ke4 Bg6+ 59. Ke3
Be8 60. Bc8 Bf7 61. Kd4 Bd5 62. Bg4 Bg2 63. Ke3 Bd5 64. Bf3 Bxf3 65. Kxf3 Kf5
66. Ke3 Ke6 67. Ke4 Kf7 68. Ke5 Ke7 69. f5 Kd7 70. f6 Ke8 71. Kd6 Kf7 72. Kxc6
Kxf6 73. Kxb5 1-0

[Event "XXIII Weekend C"]
[Site "Ceriano Laghetto ITA"]
[Date "2014.03.16"]
[Round "4"]
[White "Zerboni, Giuseppe"]
[Black "Cavalieri, Vittorio"]
[WhiteElo "1596"]
[BlackElo "1455"]
[Result "1/2-1/2"]
[PlyCount "112"]
[EventDate "2014.03.14"]

1. d4 Nf6 2. Nf3 b6 3. e3 e6 4. Bd3 Bb7 5. O-O Be7 6. Nbd2 d5 7. c3 O-O 8. Ne5
Nbd7 9. Ndf3 Nxe5 10. Nxe5 c5 11. Bc2 Rc8 12. b3 cxd4 13. Qxd4 Ne4 14. Bb2 Bf6
15. Rad1 Bxe5 16. Qxe5 Qf6 17. Qxf6 Nxf6 18. f3 Rfe8 19. Bd3 Re7 20. Ba3 Rec7
21. c4 dxc4 22. Bxc4 Nd5 23. Rd3 Nf6 24. Rfd1 h6 25. e4 Bc6 26. Ba6 Bb7 27. Bc4
Bc6 28. Bd6 Rd7 29. e5 b5 30. Bxe6 fxe6 31. exf6 gxf6 32. Rc1 Bb7 33. Rxc8+
Bxc8 34. Kf2 Kf7 35. Ke3 e5 36. f4 Ke6 37. fxe5 fxe5 38. Bc5 Rxd3+ 39. Kxd3 a6
40. g4 Kd5 41. Bf8 Bxg4 42. Bxh6 Bf5+ 43. Ke3 Bb1 44. a3 Ba2 45. b4 Bb1 46. h4
Bh7 47. h5 Kc4 48. Bg7 Kb3 49. Bxe5 Kxa3 50. Bd6 Ka4 51. Kd4 a5 52. Kc3 Bf5 53.
Bc5 axb4+ 54. Bxb4 Bh7 55. Bf8 Bf5 56. h6 Bh7 1/2-1/2

[Event "XXIII Weekend C"]
[Site "Ceriano Laghetto ITA"]
[Date "2014.03.16"]
[Round "5"]
[White "Bonamino, Pier Alessandro"]
[Black "Zerboni, Giuseppe"]
[WhiteElo "1526"]
[BlackElo "1596"]
[Result "0-1"]
[PlyCount "66"]
[EventDate "2014.03.14"]

1. d4 Nf6 2. c4 g6 3. Nc3 Bg7 4. Nf3 d6 5. e4 O-O 6. h3 Re8 7. Be3 Bd7 8. Rc1
Nc6 9. a3 a5 10. Be2 e5 11. d5 Ne7 12. O-O c6 13. Nd2 b6 14. Na4 c5 15. Nc3 Rf8
16. f4 exf4 17. Bxf4 Ne8 18. Nf3 Qc7 19. Qc2 f5 20. Bd3 fxe4 21. Bxd6 Nxd6 22.
Nxe4 Nxe4 23. Bxe4 Qd6 24. Rce1 Rae8 25. Ng5 Qg3 26. Qd2 Bd4+ 27. Kh1 Rxf1+ 28.
Rxf1 Be3 29. Rf3 Qxf3 30. Nxf3 Bxd2 31. Nxd2 Nf5 32. Bf3 Nd4 33. Ne4 Rf8 0-1

[Event "XXIII Weekend C"]
[Site "Ceriano Laghetto ITA"]
[Date "2014.03.16"]
[Round "5"]
[White "Cavalieri, Vittorio"]
[Black "Palermiti, Francesco"]
[WhiteElo "1455"]
[BlackElo "1443"]
[Result "1/2-1/2"]
[PlyCount "101"]
[EventDate "2014.03.14"]

1. e4 c5 2. Nf3 d6 3. d4 cxd4 4. Nxd4 Nf6 5. Nc3 a6 6. Bc4 e6 7. Bb3 Nc6 8. f4
Qc7 9. Be3 b5 10. a3 Bb7 11. Nxc6 Bxc6 12. f5 e5 13. Nd5 Bxd5 14. Bxd5 Rc8 15.
Rc1 Be7 16. O-O O-O 17. g4 Qd8 18. g5 Nxd5 19. Qxd5 Bxg5 20. Bxg5 Qxg5+ 21. Kh1
Qf6 22. Rg1 Rc5 23. Qd3 Rd8 24. b4 Rc4 25. Rg2 Rd4 26. Qf3 Qh6 27. Rcg1 g6 28.
Qe2 d5 29. exd5 R8xd5 30. Qf3 e4 31. Qc3 e3 32. Qc8+ Rd8 33. Qxa6 Rd2 34. Qxb5
Rxg2 35. Rxg2 Rd1+ 36. Rg1 Rxg1+ 37. Kxg1 Qg5+ 38. Kh1 Qf4 39. Qe2 gxf5 40. b5
Qe4+ 41. Kg1 Kf8 42. b6 f4 43. Qd3 Qb7 44. Qd8+ Kg7 45. Qg5+ Kh8 46. Qxf4 Qxb6
47. Kf1 Qb1+ 48. Ke2 Qxc2+ 49. Kxe3 Qc3+ 50. Ke4 Qxa3 51. Qxf7 1/2-1/2

[Event "XXIII Weekend C"]
[Site "Ceriano Laghetto ITA"]
[Date "2014.03.16"]
[Round "5"]
[White "Cazzola, Franco"]
[Black "Rosini, Luca Ungaro"]
[WhiteElo "1595"]
[BlackElo "1579"]
[Result "1/2-1/2"]
[PlyCount "74"]
[EventDate "2014.03.14"]

1. d4 Nf6 2. Nf3 d5 3. Bf4 c6 4. h3 e6 5. e3 Ne4 6. Bd3 f5 7. Ne5 Nd7 8. Nd2
Ndf6 9. c3 Be7 10. Bxe4 Nxe4 11. Nxe4 fxe4 12. Qh5+ g6 13. Nxg6 hxg6 14. Qxh8+
Kf7 15. Qxd8 Bxd8 16. Kd2 Be7 17. Be5 c5 18. h4 Bd7 19. h5 gxh5 20. Rxh5 Rg8
21. g3 Rf8 22. Rah1 Ke8 23. Rh8 c4 24. Rxf8+ Kxf8 25. Ke2 b5 26. a3 a5 27. f3
exf3+ 28. Kxf3 b4 29. axb4 axb4 30. g4 bxc3 31. bxc3 Ba4 32. Rh8+ Kf7 33. Rh7+
Kf8 34. Rxe7 Kxe7 35. Kf4 Kf7 36. Kg5 Bc2 37. Kh6 Be4 1/2-1/2

[Event "XXIII Weekend C"]
[Site "Ceriano Laghetto ITA"]
[Date "2014.03.16"]
[Round "5"]
[White "De Regibus, Giuseppe"]
[Black "Kiszka, Jean Marc"]
[WhiteElo "1509"]
[BlackElo "1363"]
[Result "1-0"]
[PlyCount "105"]
[EventDate "2014.03.14"]

1. d4 Nf6 2. c4 g6 3. Nc3 d5 4. Nf3 Bg7 5. e3 Bf5 6. Qb3 dxc4 7. Bxc4 O-O 8.
Qxb7 Nbd7 9. Qb3 Nb6 10. Be2 Ne4 11. O-O Nxc3 12. bxc3 Be6 13. Qc2 Bc4 14. Re1
Bxe2 15. Qxe2 c5 16. Bd2 c4 17. a4 a5 18. Bc1 Qc7 19. e4 e6 20. Be3 Qc6 21. Qc2
Rfd8 22. Reb1 Rdb8 23. Bf4 Rb7 24. Nd2 Raa7 25. f3 Nd7 26. e5 f6 27. exf6 Nxf6
28. Ne4 Nxe4 29. fxe4 Rxb1+ 30. Rxb1 Rb7 31. Rxb7 Qxb7 32. h3 Qb3 33. Qxb3 cxb3
34. Bc1 Bh6 35. Bb2 Kf7 36. e5 Ke7 37. Kf2 Kd7 38. Ke2 Kc6 39. c4 Bf8 40. Kd3
h5 41. Kc3 Be7 42. Kxb3 g5 43. g4 hxg4 44. hxg4 Kb6 45. Kc3 Kc6 46. Kd3 Kb6 47.
Ke4 Kc6 48. Bc3 Bb4 49. Kd3 Bxc3 50. Kxc3 Kb6 51. Kd3 Kc6 52. Ke4 Kb6 53. d5
1-0

[Event "XXIII Weekend C"]
[Site "Ceriano Laghetto ITA"]
[Date "2014.03.16"]
[Round "5"]
[White "Lamera, Giuseppe"]
[Black "Aldeghi, Damiano"]
[WhiteElo "1485"]
[BlackElo "1481"]
[Result "1/2-1/2"]
[PlyCount "73"]
[EventDate "2014.03.14"]

1. c4 Nf6 2. Nc3 e6 3. a3 Be7 4. g3 O-O 5. Bg2 c6 6. d3 h6 7. Rb1 Qb6 8. b4 d5
9. c5 Qd8 10. Bb2 d4 11. Ne4 a5 12. Nxf6+ Bxf6 13. Nf3 Re8 14. Nd2 e5 15. O-O
Be6 16. Ne4 Be7 17. f4 f6 18. f5 Bd5 19. Bf3 axb4 20. axb4 b6 21. Bh5 Bf7 22.
Bxf7+ Kxf7 23. Ra1 Rxa1 24. Bxa1 bxc5 25. bxc5 Qd5 26. Qc2 Nd7 27. Rc1 Rb8 28.
Bb2 Rb5 29. Ba3 Kg8 30. Qc4 Qxc4 31. Rxc4 Rb3 32. Bc1 Rb1 33. Kf2 Rb3 34. Bd2
Kh7 35. Ba5 Ra3 36. Bc7 Ra6 37. Bd6 1/2-1/2

[Event "XXIII Weekend C"]
[Site "Ceriano Laghetto ITA"]
[Date "2014.03.16"]
[Round "5"]
[White "Madaschi, Sergio"]
[Black "Puppi, Simone"]
[WhiteElo "1551"]
[BlackElo "1538"]
[Result "1-0"]
[PlyCount "75"]
[EventDate "2014.03.14"]

1. e4 c5 2. Nf3 d6 3. d4 cxd4 4. Nxd4 a6 5. Nc3 Nf6 6. Bg5 Nbd7 7. f4 Qa5 8.
Nb3 Qb6 9. Qf3 e6 10. O-O-O Be7 11. Bd3 O-O 12. g4 e5 13. f5 Qd8 14. Be3 Ne8
15. Kb1 a5 16. a4 b6 17. Nd5 Nef6 18. Nxe7+ Qxe7 19. g5 Ne8 20. h4 Ba6 21. h5
f6 22. Rhg1 Kh8 23. h6 Bxd3 24. Rxd3 fxg5 25. hxg7+ Nxg7 26. Bxg5 Nf6 27. Qg2
Rg8 28. Rg3 Ngh5 29. Bxf6+ Nxf6 30. Nd2 Rxg3 31. Qxg3 Rg8 32. Qf2 Rxg1+ 33.
Qxg1 Qb7 34. Qg2 b5 35. axb5 Qxb5 36. Qg5 Ng8 37. f6 Qe8 38. Qg7# 1-0

[Event "XXIII Weekend C"]
[Site "Ceriano Laghetto ITA"]
[Date "2014.03.16"]
[Round "5"]
[White "Picasso, Marco Francesco"]
[Black "Ciochetta, Giovanni"]
[WhiteElo "1447"]
[BlackElo "1573"]
[Result "1-0"]
[PlyCount "21"]
[EventDate "2014.03.14"]

1. f4 d5 2. Nf3 Nf6 3. d4 e6 4. e3 Bd7 5. Bd3 Ne4 6. O-O Nc6 7. Nbd2 f5 8. Bb5
Bd6 9. Nxe4 dxe4 10. Ng5 h6 11. Qh5+ 1-0

[Event "XXIII Weekend C"]
[Site "Ceriano Laghetto ITA"]
[Date "2014.03.16"]
[Round "5"]
[White "Ruggiero, Paolino"]
[Black "Repossi, Luca"]
[WhiteElo "1493"]
[BlackElo "1573"]
[Result "1-0"]
[PlyCount "51"]
[EventDate "2014.03.14"]

1. e4 c5 2. f4 d6 3. Bc4 e6 4. Nf3 d5 5. exd5 exd5 6. Be2 Bd6 7. d3 Qc7 8. O-O
Bxf4 9. Bxf4 Qxf4 10. Nc3 Nf6 11. Nd2 Qd6 12. Bf3 O-O 13. Ne2 Qb6 14. b3 Nc6
15. c4 Bg4 16. Nf4 Bxf3 17. Nxf3 Ne7 18. Ne5 Rfe8 19. Ng4 Rad8 20. Kh1 dxc4 21.
bxc4 Nxg4 22. Qxg4 Rd4 23. Qf3 Nc6 24. Nd5 Ne5 25. Rae1 Qd8 26. Rxe5 1-0

[Event "XLVI C.to Italiano a squadre A1.3"]
[Site "Grosseto ITA"]
[Date "2014.03.22"]
[Round "3"]
[White "Russo, Leonardo"]
[Black "Mauro, Alan"]
[WhiteElo "1715"]
[BlackElo "2126"]
[Result "1/2-1/2"]
[PlyCount "110"]
[EventDate "2014.03.21"]

1. e4 c5 2. Nf3 Nc6 3. c3 Nf6 4. e5 Nd5 5. d4 cxd4 6. cxd4 e6 7. Bc4 Nb6 8. Bb3
d5 9. O-O Be7 10. Nc3 Bd7 11. Bf4 Rc8 12. Rc1 Na5 13. Nd2 Nbc4 14. Nxc4 Nxc4
15. Qg4 g5 16. Bxc4 Rxc4 17. Be3 Qa5 18. f4 h5 19. Qg3 g4 20. h3 Qb4 21. Rf2
Rg8 22. hxg4 Rxg4 23. Qf3 Bh4 24. Rfc2 Qe7 25. f5 Bg5 26. f6 Bxe3+ 27. Qxe3 Qf8
28. b3 Rc6 29. Nb5 Qg8 30. Nd6+ Rxd6 31. exd6 Bc6 32. b4 Rg3 33. Qe5 a6 34. a4
Rb3 35. Rxc6 bxc6 36. Rxc6 Kd8 37. d7 Qg3 38. Qxg3 Rxg3 39. Rxa6 Rb3 40. b5
Kxd7 41. Ra7+ Kd6 42. Rxf7 e5 43. dxe5+ Kxe5 44. Rd7 Kxf6 45. Rxd5 Ra3 46. Rxh5
Rxa4 47. Rc5 Rb4 48. Rc6+ Kf5 49. b6 Kf4 50. Rh6 Rb2 51. Kh2 Kg4 52. Rc6 Rb1
53. Rc4+ Kg5 54. Rc5+ Kg4 55. Rc2 Rxb6 1/2-1/2